[Event "Valdepenas U1600 op 2nd"]
[Site "Valdepenas"]
[Date "2020.07.25"]
[Round "1.2"]
[White "Badillo Alcaide, Marcos"]
[Black "Rubio Gonzalez, Beltran"]
[Result "1/2-1/2"]
[WhiteElo "1235"]
[BlackElo "1594"]
[PlyCount "83"]
[EventDate "2020.07.25"]
[EventType "swiss (rapid)"]
[EventRounds "7"]
[EventCountry "ESP"]
[SourceTitle "EXT 2024"]
[Source "ChessBase"]
[SourceDate "2023.10.10"]
[SourceVersion "1"]
[SourceVersionDate "2023.10.10"]
[SourceQuality "1"]

1. d4 e6 2. c4 Bb4+ 3. Bd2 Bxd2+ 4. Nxd2 d6 5. Ngf3 Nd7 6. e3 Ngf6 7. Be2 0-0 8. 0-0 e5 9. dxe5 Nxe5 10. Nxe5 dxe5 11. Nf3 e4 12. Nd4 c5 13. Nb3 b6 14. h3 Bb7 15. Qc2 Qe7 16. Rfd1 Rfd8 17. Rxd8+ Rxd8 18. Rd1 Rxd1+ 19. Qxd1 Qd7 20. Qxd7 Nxd7 21. f4 exf3 22. gxf3 g5 23. f4 h6 24. Nd2 f6 25. Bf3 Bxf3 26. Nxf3 Nb8 27. Kf2 Kf7 28. Kg3 Kg6 29. fxg5 hxg5 30. h4 gxh4+ 31. Nxh4+ Kg5 32. Nf3+ Kf5 33. Nd2 Nc6 34. Nf3 Nb4 35. a3 Nd3 36. b3 a5 37. Nd2 Ke5 38. Kf3 f5 39. Ke2 Nc1+ 40. Kd1 Nd3 41. Ke2 Nc1+ 42. Kd1 1/2-1/2

[Event "Madrid-ch Previa-A"]
[Site "Madrid"]
[Date "2020.02.04"]
[Round "2"]
[White "Loriente del Real, Alberto"]
[Black "Rubio Gonzalez, Beltran"]
[Result "1/2-1/2"]
[WhiteElo "1288"]
[BlackElo "1601"]
[PlyCount "135"]
[EventDate "2020.02.03"]
[EventType "swiss"]
[EventRounds "9"]
[EventCountry "ESP"]
[SourceTitle "EXT 2021"]
[Source "ChessBase"]
[SourceDate "2020.10.23"]
[SourceVersion "1"]
[SourceVersionDate "2020.10.23"]
[SourceQuality "1"]

1. e4 e5 2. Nf3 Nc6 3. Bb5 f5 4. Bxc6 dxc6 5. Nxe5 Qd4 6. Nf3 Qxe4+ 7. Qe2 Qxe2+ 8. Kxe2 Bd6 9. Re1 Ne7 10. d4 0-0 11. Kf1 c5 12. Bg5 Ng6 13. dxc5 Bxc5 14. Be3 Bd6 15. Nc3 Bd7 16. Rad1 b6 17. h4 Rfe8 18. Bd4 Bc6 19. Rd3 Rad8 20. g3 Rxe1+ 21. Nxe1 f4 22. h5 Ne7 23. Be5 fxg3 24. Bxd6 Rxd6 25. Rxd6 cxd6 26. fxg3 Nf5 27. Kf2 h6 28. Ne2 Kf7 29. Nf3 Kf6 30. Ned4 Bd7 31. Nxf5 Kxf5 32. Nd2 Kg4 33. Nc4 Kxh5 34. Nxd6 Kg4 35. Nc4 Kf5 36. Ne3+ Ke4 37. Nc4 Be6 38. Nd2+ Kf5 39. Nf3 Bxa2 40. b3 Ke4 41. Ke2 a5 42. Ne1 a4 43. bxa4 Kd4 44. Kd2 Bd5 45. Nd3 Bc6 46. Nb2 Bd7 47. c3+ Ke5 48. Nd3+ Kd6 49. Nb2 g5 50. Nc4+ Kc7 51. a5 b5 52. Ne5 Be8 53. Nd3 h5 54. Ke3 h4 55. gxh4 gxh4 56. Kf2 h3 57. Kg3 Bd7 58. Nb4 Kb8 59. Nd3 Bf5 60. Nf2 Ka7 61. Nxh3 Bxh3 62. Kxh3 Ka6 63. Kg3 Kxa5 64. Kf3 Ka4 65. Ke3 Kb3 66. Kd3 Kb2 67. Kd2 Kb3 68. Kd3 1/2-1/2

[Event "De los Reyes op 21st"]
[Site "De los Reyes"]
[Date "2019.12.05"]
[Round "6"]
[White "Alvarez Gonzalez, Eduardo"]
[Black "Rubio Gonzalez, Beltran"]
[Result "1-0"]
[WhiteElo "1743"]
[BlackElo "1596"]
[PlyCount "53"]
[EventDate "2019.11.30"]
[EventType "swiss"]
[EventRounds "9"]
[EventCountry "ESP"]
[SourceTitle "CBM 193 Extra"]
[Source "ChessBase"]
[SourceDate "2020.01.31"]
[SourceVersion "1"]
[SourceVersionDate "2020.01.31"]
[SourceQuality "1"]

1. d4 d5 2. Nf3 Nf6 3. c4 c6 4. Nc3 a6 5. cxd5 cxd5 6. Bf4 Nc6 7. e3 Bf5 8. Be2 h6 9. Qb3 Na5 10. Qd1 Nc6 11. 0-0 e6 12. Rc1 Be7 13. h3 0-0 14. Ne5 Rc8 15. a3 Ne4 16. Nxe4 Bxe4 17. Nxc6 Rxc6 18. Rxc6 bxc6 19. Qa4 Qb6 20. b4 a5 21. bxa5 Qb2 22. Ba6 c5 23. Qd7 c4 24. Qxe7 c3 25. Qb4 Ra8 26. Bb7 Bd3 27. Qxb2 1-0

[Event "Collado Villalba op-B 36th"]
[Site "Collado Villalba"]
[Date "2019.08.23"]
[Round "1"]
[White "Camarero Izquierdo, Juan Carlos"]
[Black "Rubio Gonzalez, Beltran"]
[Result "1-0"]
[WhiteElo "1809"]
[BlackElo "1573"]
[PlyCount "23"]
[EventDate "2019.08.23"]
[EventType "swiss"]
[EventRounds "9"]
[EventCountry "ESP"]
[SourceTitle "CBM 192 Extra"]
[Source "Chessbase"]
[SourceDate "2019.11.06"]
[SourceVersion "1"]
[SourceVersionDate "2019.11.06"]
[SourceQuality "1"]

1. e4 e5 2. f4 exf4 3. Nf3 d6 4. Bc4 h6 5. d4 g5 6. 0-0 Bg7 7. g3 g4 8. Bxf4 Ne7 9. Nh4 0-0 10. Qd2 h5 11. Bh6 Ng6 12. Nxg6 1-0

[Event "Tres Cantos op 11th"]
[Site "Tres Cantos"]
[Date "2019.06.24"]
[Round "3"]
[White "Lopez Heras, Arturo"]
[Black "Rubio Gonzalez, Beltran"]
[Result "1-0"]
[WhiteElo "1809"]
[BlackElo "1576"]
[PlyCount "59"]
[EventDate "2019.06.22"]
[EventType "swiss"]
[EventRounds "9"]
[EventCountry "ESP"]
[SourceTitle "CBM 195 Extra"]
[Source "ChessBase"]
[SourceDate "2020.05.31"]
[SourceVersion "1"]
[SourceVersionDate "2020.05.31"]
[SourceQuality "1"]

1. e4 e6 2. d4 d5 3. e5 c5 4. c3 Nc6 5. Nf3 Bd7 6. Be2 Nge7 7. 0-0 cxd4 8. cxd4 Nf5 9. Nc3 Qb6 10. Na4 Qc7 11. a3 f6 12. exf6 gxf6 13. g3 Bd6 14. Nc5 0-0-0 15. Kh1 h5 16. h4 Bxg3 17. fxg3 Nxg3+ 18. Kg2 Rdg8 19. Kf2 Nxf1 20. Kxf1 Qg3 21. Be3 Rg7 22. Rc1 Qc7 23. b4 Rhg8 24. Nxd7 Kxd7 25. b5 Rg3 26. bxc6+ bxc6 27. Qa4 Qb6 28. Ke1 Rh3 29. Rxc6 Rh1+ 30. Kf2 1-0

[Event "San Sebastian de los Reyes op 20th"]
[Site "San Sebastian"]
[Date "2018.12.07"]
[Round "7"]
[White "Llamas Aliste, Alberto"]
[Black "Rubio Gonzalez, Beltran"]
[Result "1/2-1/2"]
[WhiteElo "1703"]
[BlackElo "1510"]
[PlyCount "74"]
[EventDate "2018.12.01"]
[EventType "swiss"]
[EventRounds "9"]
[EventCountry "ESP"]
[SourceTitle "CBM 187 Extra"]
[Source "ChessBase"]
[SourceDate "2018.11.04"]
[SourceVersion "1"]
[SourceVersionDate "2018.11.04"]
[SourceQuality "1"]

1. e4 e6 2. d4 d5 3. e5 c5 4. c3 Nc6 5. Nf3 Qb6 6. a3 Nh6 7. Bd3 cxd4 8. cxd4 Bd7 9. Bc2 Nf5 10. Bxf5 exf5 11. Nc3 Be6 12. 0-0 Be7 13. b4 a6 14. Be3 0-0 15. Qd2 Rac8 16. Rfc1 Qd8 17. Ra2 b6 18. Rac2 Qd7 19. Qe2 Qb7 20. Qd3 Rfd8 21. Bg5 Kf8 22. Bxe7+ Kxe7 23. b5 Nb8 24. a4 a5 25. Ne2 Rxc2 26. Rxc2 Rc8 27. h4 Rxc2 28. Qxc2 Qc8 29. Qd1 Qc4 30. Nf4 Nd7 31. h5 h6 32. Ne2 g5 33. Nd2 Qc8 34. Qb3 f6 35. Qa3+ Kf7 36. f4 Qc7 37. Qd3 Nf8 1/2-1/2

[Event "San Sebastian de los Reyes op 20th"]
[Site "San Sebastian"]
[Date "2018.12.04"]
[Round "4"]
[White "Rubio Gonzalez, Beltran"]
[Black "Chidichimo, Pedro Jose Maria"]
[Result "0-1"]
[WhiteElo "1510"]
[BlackElo "1772"]
[PlyCount "42"]
[EventDate "2018.12.01"]
[EventType "swiss"]
[EventRounds "9"]
[EventCountry "ESP"]
[SourceTitle "CBM 187 Extra"]
[Source "ChessBase"]
[SourceDate "2018.11.04"]
[SourceVersion "1"]
[SourceVersionDate "2018.11.04"]
[SourceQuality "1"]

1. d4 d6 2. Bf4 Nf6 3. Nf3 c6 4. Nc3 Qc7 5. e4 Nbd7 6. Bd3 e5 7. Bg3 Be7 8. h3 0-0 9. 0-0 Re8 10. Re1 Bd8 11. Qd2 Nf8 12. dxe5 dxe5 13. Bxe5 Rxe5 14. Nxe5 Qxe5 15. f4 Bb6+ 16. Kh2 Qh5 17. f5 Ng4+ 18. Kh1 Nf2+ 19. Kh2 Qh4 20. e5 Ng4+ 21. Kh1 Qg3 0-1

[Event "San Sebastian de los Reyes op 20th"]
[Site "San Sebastian"]
[Date "2018.12.02"]
[Round "2"]
[White "Rubio Gonzalez, Beltran"]
[Black "Luque Sanz, Victor"]
[Result "1-0"]
[WhiteElo "1510"]
[BlackElo "1236"]
[PlyCount "47"]
[EventDate "2018.12.01"]
[EventType "swiss"]
[EventRounds "9"]
[EventCountry "ESP"]
[SourceTitle "CBM 187 Extra"]
[Source "ChessBase"]
[SourceDate "2018.11.04"]
[SourceVersion "1"]
[SourceVersionDate "2018.11.04"]
[SourceQuality "1"]

1. d4 d5 2. Bf4 Nf6 3. e3 Nc6 4. Nd2 Bf5 5. c4 e6 6. a3 Bd6 7. Bg3 Bxg3 8. hxg3 0-0 9. Ngf3 Re8 10. Ne5 Nxe5 11. dxe5 Ne4 12. Nxe4 dxe4 13. Be2 Qxd1+ 14. Rxd1 Rad8 15. Rd2 f6 16. exf6 gxf6 17. Kd1 e5 18. Kc2 Bd7 19. Rhd1 Re7 20. Bg4 Ba4+ 21. b3 Bxb3+ 22. Kxb3 Rxd2 23. Rxd2 Rf7 24. Be6 1-0

[Event "San Sebastian de los Reyes op 20th"]
[Site "San Sebastian"]
[Date "2018.12.01"]
[Round "1"]
[White "Martin Rodriguez, Emilio"]
[Black "Rubio Gonzalez, Beltran"]
[Result "1-0"]
[WhiteElo "1994"]
[BlackElo "1510"]
[PlyCount "61"]
[EventDate "2018.12.01"]
[EventType "swiss"]
[EventRounds "9"]
[EventCountry "ESP"]
[SourceTitle "CBM 187 Extra"]
[Source "ChessBase"]
[SourceDate "2018.11.04"]
[SourceVersion "1"]
[SourceVersionDate "2018.11.04"]
[SourceQuality "1"]

1. d4 d5 2. c4 c6 3. Nf3 Nf6 4. Nc3 a6 5. cxd5 cxd5 6. Bf4 Nc6 7. Ne5 Bf5 8. e3 e6 9. a3 Nd7 10. Nxc6 bxc6 11. Be2 Be7 12. 0-0 0-0 13. Rc1 c5 14. dxc5 Nxc5 15. Na4 Nxa4 16. Qxa4 Qb6 17. b4 a5 18. Rc6 Qd8 19. Bc7 Qd7 20. b5 Bd8 21. Rfc1 Bxc7 22. Rxc7 Qd6 23. R1c6 Qe5 24. Qd4 Qxd4 25. exd4 e5 26. g4 Bc8 27. dxe5 Rd8 28. f4 Rb8 29. Rd6 Rxd6 30. exd6 Be6 31. f5 1-0

[Event "Madrid Chamartin op 7th"]
[Site "Madrid"]
[Date "2018.09.04"]
[Round "3"]
[White "Rubio Gonzalez, Beltran"]
[Black "Benito Ruiz de Villa, Rafael"]
[Result "1/2-1/2"]
[WhiteElo "1525"]
[BlackElo "1654"]
[PlyCount "21"]
[EventDate "2018.09.03"]
[EventType "swiss"]
[EventRounds "9"]
[EventCountry "ESP"]
[SourceTitle "CBM 187 Extra"]
[Source "ChessBase"]
[SourceDate "2018.11.04"]
[SourceVersion "1"]
[SourceVersionDate "2018.11.04"]
[SourceQuality "1"]

1. d4 d5 2. Bf4 Bf5 3. c4 c6 4. Nc3 Nf6 5. Qb3 Qb6 6. e3 e6 7. Nf3 Nbd7 8. c5 Qxb3 9. axb3 Be7 10. h3 0-0 11. Be2 1/2-1/2